Catálogo

Vista normal Vista MARC

Entrada Personal Name

Número de registros utilizados en: 1

001 - CONTROL NUMBER

  • control field: 12656

003 - CONTROL NUMBER IDENTIFIER

  • control field: DLC

005 - DATE AND TIME OF LATEST TRANSACTION

  • control field: 20220526180723.0

008 - FIXED-LENGTH DATA ELEMENTS

  • fixed length control field: 191104n| azannaabn |n aaa

010 ## - LIBRARY OF CONGRESS CONTROL NUMBER

  • LC control number: nb2019021006

035 ## - SYSTEM CONTROL NUMBER

  • System control number: (Uk)010668500

040 ## - CATALOGING SOURCE

  • Original cataloging agency: Uk
  • Language of cataloging: spa
  • Description conventions: rda
  • Transcribing agency: Mx-PuUPA
  • Modifying agency: Mx-PuUPA

046 ## - SPECIAL CODED DATES

  • Start period: 20

100 1# - HEADING--PERSONAL NAME

  • Personal name: Yeo, Geoffrey,
  • Titles and other words associated with a name: (Archivist)

372 ## - FIELD OF ACTIVITY

  • Field of activity: Organización de la información
  • Source of term: lcsh

373 ## - ASSOCIATED GROUP

  • Associated group: Colegio Universitario, Londres
  • Source of term: naf

374 ## - OCCUPATION

  • Occupation: Archivista
  • Source of term: lcsh

375 ## - GENDER

  • Gender: hombre
  • Source of term: lcsh

377 ## - ASSOCIATED LANGUAGE

  • Language code: eng

670 ## - SOURCE DATA FOUND

  • Source citation: Records, information and data, [2018]:
  • Information found: t.p. (Geoffrey Yeo) back cover (Geoffrey Yeo is an honorary senior research fellow in the Department of Information Studies at University College London)

670 ## - SOURCE DATA FOUND

  • Source citation: University College London www site, viewed 4 November 2019:
  • Information found: Information studies (I am an honorary researcher in archives and records management at University College London (UCL). I taught archives and records management at UCL from 1995 to 1997 and from 2000 to 2014. Between 2002 and 2005 I was programme director for the MA/Diploma/Certificate in Archives and Records Management, and the MA/Diploma/Certificate in Records and Archives Management (International), at UCL's School of Library, Archive and Information Studies (now the Department of Information Studies). I previously worked as an archivist for the Corporation of the City of London, for St Bartholomew's Hospital, London, and for the Royal College of Physicians.)